[Event "SVK-chT4 A21 2122"]
[Site "Slovakia"]
[Date "2021.11.14"]
[Round "3.4"]
[White "Drinka, Robert"]
[Black "Lesay, Jozef"]
[Result "1/2-1/2"]
[WhiteElo "1404"]
[BlackElo "1632"]
[PlyCount "120"]
[EventDate "2021.10.17"]
[EventType "team-tourn"]
[EventRounds "11"]
[EventCountry "SVK"]
[SourceTitle "EXT 2023"]
[Source "ChessBase"]
[SourceDate "2022.10.05"]
[SourceVersion "1"]
[SourceVersionDate "2022.10.05"]
[SourceQuality "1"]
[WhiteTeam "Borsky Mikulas"]
[BlackTeam "Piestany Kupele III"]
[WhiteTeamCountry "SVK"]
[BlackTeamCountry "SVK"]

1. e4 e5 2. Nf3 Nc6 3. Bc4 Bc5 4. c3 Nf6 5. d3 a6 6. Bg5 0-0 7. 0-0 d6 8. Re1 Bg4 9. Nbd2 Ba7 10. Nf1 Na5 11. Ne3 Bxf3 12. Qxf3 Bxe3 13. Rxe3 Nxc4 14. dxc4 h6 15. Bxf6 Qxf6 16. Qxf6 gxf6 17. Rd1 a5 18. Rdd3 a4 19. Rg3+ Kh7 20. Rdf3 a3 21. b3 Rg8 22. Rxf6 Rxg3 23. fxg3 Kg7 24. Rf5 Ra5 25. b4 Ra6 26. Kf2 Rc6 27. Ke3 Rxc4 28. Kd3 b5 29. h4 c5 30. bxc5 Rxc5 31. g4 b4 32. cxb4 Rc1 33. g5 hxg5 34. hxg5 Rb1 35. Rf6 Rb3+ 36. Kc4 Rb2 37. Rxd6 Rxa2 38. Ra6 Rxg2 39. Rxa3 Rxg5 40. Rb3 Kf6 41. Kd5 Ke7 42. Kc6 Rg1 43. b5 Rc1+ 44. Kb7 Rc4 45. b6 Rxe4 46. Kb8 Rc4 47. b7 f5 48. Rb6 e4 49. Ka7 Rc7 50. Ka8 Rxb7 51. Kxb7 e3 52. Kc6 Ke6 53. Kc5+ Ke5 54. Kc4 Ke4 55. Re6+ Kf3 56. Kd3 f4 57. Re7 Kf2 58. Re8 Kf3 59. Re7 Kg2 60. Rxe3 fxe3 1/2-1/2

[Event "SVK-ch U18"]
[Site "Lubovna"]
[Date "2013.04.13"]
[Round "9"]
[White "Drinka, Robert"]
[Black "Pristas, Vincent"]
[Result "0-1"]
[WhiteElo "1290"]
[BlackElo "1682"]
[PlyCount "58"]
[EventDate "2013.04.06"]
[EventType "swiss"]
[EventRounds "9"]
[EventCountry "SVK"]
[SourceTitle "CBM 153 Extra"]
[Source "ChessBase"]
[SourceDate "2013.04.22"]
[SourceVersion "1"]
[SourceVersionDate "2013.04.22"]
[SourceQuality "1"]

1. e4 c5 2. Nf3 d6 3. d4 cxd4 4. Nxd4 Nf6 5. Nc3 g6 6. Bd3 Bg7 7. Bg5 Nc6 8. Bb5 Bd7 9. Bxc6 bxc6 10. f4 0-0 11. 0-0 Qb6 12. Kh1 Qxb2 13. Qd3 Qb6 14. Rab1 Qc7 15. f5 d5 16. Bxf6 Bxf6 17. exd5 Qe5 18. Nde2 Bxf5 19. Rxf5 Qxf5 20. Qxf5 gxf5 21. dxc6 Rac8 22. Nb5 Rxc6 23. Ned4 Bxd4 24. Nxd4 Rc5 25. Kg1 Rd8 26. c3 e6 27. Nxe6 fxe6 28. Rb7 Rxc3 29. Rg7+ Kxg7 0-1

[Event "SVK-ch U18"]
[Site "Lubovna"]
[Date "2013.04.09"]
[Round "5"]
[White "Drinka, Robert"]
[Black "Irha, Martin"]
[Result "0-1"]
[WhiteElo "1290"]
[BlackElo "1420"]
[PlyCount "36"]
[EventDate "2013.04.06"]
[EventType "swiss"]
[EventRounds "9"]
[EventCountry "SVK"]
[SourceTitle "CBM 153 Extra"]
[Source "ChessBase"]
[SourceDate "2013.04.22"]
[SourceVersion "1"]
[SourceVersionDate "2013.04.22"]
[SourceQuality "1"]

1. e4 c5 2. Nf3 d6 3. d4 cxd4 4. Nxd4 Nf6 5. Nc3 a6 6. Be2 e6 7. 0-0 Be7 8. Bg5 0-0 9. f4 e5 10. fxe5 dxe5 11. Nf5 Bxf5 12. Rxf5 Qb6+ 13. Kh1 Nc6 14. Bxf6 Bxf6 15. b3 Qd4 16. Nd5 Bd8 17. Qxd4 Nxd4 18. Bd3 Nxf5 0-1

[Event "SVK-ch U18"]
[Site "Lubovna"]
[Date "2013.04.08"]
[Round "3"]
[White "Jadron, Branislav"]
[Black "Drinka, Robert"]
[Result "1-0"]
[WhiteElo "1391"]
[BlackElo "1290"]
[PlyCount "69"]
[EventDate "2013.04.06"]
[EventType "swiss"]
[EventRounds "9"]
[EventCountry "SVK"]
[SourceTitle "CBM 153 Extra"]
[Source "ChessBase"]
[SourceDate "2013.04.22"]
[SourceVersion "1"]
[SourceVersionDate "2013.04.22"]
[SourceQuality "1"]

1. e4 e5 2. Nf3 Nc6 3. Bc4 Nf6 4. Ng5 d5 5. exd5 Na5 6. Bb5+ Bd7 7. Qe2 Bxb5 8. Qxb5+ c6 9. dxc6 bxc6 10. Qxe5+ Be7 11. 0-0 0-0 12. Nc3 Re8 13. Qf5 h6 14. Nge4 Nxe4 15. Nxe4 Qd5 16. Qxd5 cxd5 17. Nc3 Rac8 18. Nxd5 Rxc2 19. Re1 Kf8 20. Rxe7 Rxe7 21. Nxe7 Kxe7 22. b3 Nc6 23. Kf1 Nb4 24. Ba3 a5 25. Ke1 Ke6 26. Kd1 Rxa2 27. Rxa2 Nxa2 28. Kc2 Nb4+ 29. Bxb4 axb4 30. d4 Kd5 31. Kd3 g6 32. h4 f6 33. f3 g5 34. hxg5 hxg5 35. g4 1-0

[Event "SVK-ch U18"]
[Site "Lubovna"]
[Date "2013.04.06"]
[Round "1"]
[White "Kerdik, Adam"]
[Black "Drinka, Robert"]
[Result "1-0"]
[WhiteElo "1951"]
[BlackElo "1290"]
[PlyCount "67"]
[EventDate "2013.04.06"]
[EventType "swiss"]
[EventRounds "9"]
[EventCountry "SVK"]
[SourceTitle "CBM 153 Extra"]
[Source "ChessBase"]
[SourceDate "2013.04.22"]
[SourceVersion "1"]
[SourceVersionDate "2013.04.22"]
[SourceQuality "1"]

1. e4 e5 2. Nc3 Nc6 3. g3 d6 4. Bg2 Nf6 5. d3 Bg4 6. f3 Bh5 7. Nge2 Be7 8. 0-0 0-0 9. d4 Nxd4 10. Nxd4 exd4 11. Qxd4 c6 12. Be3 d5 13. exd5 Nxd5 14. Nxd5 Qxd5 15. Qxd5 cxd5 16. Rad1 Rfd8 17. Rfe1 Bf6 18. c3 a5 19. Rd2 b5 20. f4 b4 21. Rxd5 Rxd5 22. Bxd5 Re8 23. Bf2 Rxe1+ 24. Bxe1 bxc3 25. Bxc3 Bxc3 26. bxc3 Kf8 27. Kf2 f5 28. Ke3 Bf7 29. Bxf7 Kxf7 30. Kd4 Ke6 31. Kc4 Kd6 32. Kb5 Kd5 33. Kxa5 Kc4 34. Kb6 1-0

[Event "Senica op 4th"]
[Site "Senica"]
[Date "2012.08.04"]
[Round "3"]
[White "Jablonicky, Martin"]
[Black "Drinka, Robert"]
[Result "1-0"]
[WhiteElo "1858"]
[BlackElo "1264"]
[PlyCount "41"]
[EventDate "2012.08.03"]
[EventType "swiss"]
[EventRounds "9"]
[EventCountry "SVK"]
[SourceTitle "EXT 2014"]
[Source "ChessBase"]
[SourceDate "2013.11.20"]
[SourceVersion "1"]
[SourceVersionDate "2013.11.20"]
[SourceQuality "1"]

1. e4 e5 2. d4 exd4 3. c3 dxc3 4. Bc4 d6 5. Nxc3 Nf6 6. Qb3 Qd7 7. Bg5 d5 8. Bxd5 Nxd5 9. 0-0-0 Bd6 10. Nxd5 Qc6+ 11. Kb1 Be6 12. f4 f6 13. Nxf6+ Kf7 14. Nd5 Re8 15. f5 Bxd5 16. Rxd5 Kf8 17. f6 Be5 18. f7 Re6 19. Rd8+ Kxf7 20. Nf3 Qxe4+ 21. Ka1 1-0

[Event "Senica op 4th"]
[Site "Senica"]
[Date "2012.08.03"]
[Round "1"]
[White "Palka, Miroslav"]
[Black "Drinka, Robert"]
[Result "1-0"]
[WhiteElo "1944"]
[BlackElo "1264"]
[PlyCount "63"]
[EventDate "2012.08.03"]
[EventType "swiss"]
[EventRounds "9"]
[EventCountry "SVK"]
[SourceTitle "EXT 2014"]
[Source "ChessBase"]
[SourceDate "2013.11.20"]
[SourceVersion "1"]
[SourceVersionDate "2013.11.20"]
[SourceQuality "1"]

1. c4 e5 2. Nc3 Nf6 3. g3 Nc6 4. Bg2 Be7 5. e4 d6 6. Nge2 Bg4 7. f3 Be6 8. b3 Nb4 9. d4 c6 10. a3 Na6 11. Be3 Nc7 12. d5 cxd5 13. cxd5 Bd7 14. 0-0 0-0 15. f4 Bg4 16. h3 Bh5 17. g4 Bxg4 18. hxg4 Nxg4 19. Qd2 Bh4 20. f5 Rc8 21. Bh3 Nxd5 22. Bxg4 Nxe3 23. Qxe3 Bg5 24. Qf2 Bh4 25. Qg2 Qb6+ 26. Kh1 Qe3 27. Nd5 Qxb3 28. f6 Rc2 29. Ne7+ Kh8 30. fxg7+ Kxg7 31. Be6+ Bg3 32. Bxb3 1-0

[Event "SVK-ch U16"]
[Site "Lubovnianske Kupele"]
[Date "2012.03.22"]
[Round "7"]
[White "Drinka, Robert"]
[Black "Panko, Radoslav"]
[Result "1/2-1/2"]
[WhiteElo "1175"]
[BlackElo "1192"]
[PlyCount "75"]
[EventDate "2012.03.17"]
[EventType "swiss"]
[EventRounds "9"]
[EventCountry "SVK"]
[SourceTitle "CBM 147 Extra"]
[Source "ChessBase"]
[SourceDate "2012.04.24"]
[SourceVersion "1"]
[SourceVersionDate "2012.04.24"]
[SourceQuality "1"]

1. e4 d6 2. d4 Nf6 3. Nc3 Nbd7 4. Bb5 c6 5. Ba4 e5 6. dxe5 dxe5 7. Bg5 Qa5 8. Bb3 Bb4 9. Bd2 0-0 10. Nge2 Nc5 11. a3 Bxc3 12. Bxc3 Qc7 13. f3 Re8 14. 0-0 Qb6 15. Kh1 Be6 16. Bxe6 Rxe6 17. Qe1 Na4 18. Ng3 Qc5 19. Rb1 Nxc3 20. Qxc3 Qxc3 21. bxc3 b6 22. Nf5 g6 23. Ne3 Rd8 24. Rfd1 Red6 25. Kg1 Rxd1+ 26. Rxd1 Rxd1+ 27. Nxd1 Kf8 28. Kf2 Ke7 29. Ke3 Nd7 30. Nb2 Ke6 31. a4 Nc5 32. Kd2 f5 33. exf5+ gxf5 34. c4 f4 35. g4 Kf6 36. h4 h6 37. Ke2 Ke6 38. g5 1/2-1/2

[Event "SVK-ch U16"]
[Site "Lubovnianske Kupele"]
[Date "2012.03.18"]
[Round "2"]
[White "Tropp, Oliver"]
[Black "Drinka, Robert"]
[Result "1-0"]
[WhiteElo "1905"]
[BlackElo "1175"]
[PlyCount "51"]
[EventDate "2012.03.17"]
[EventType "swiss"]
[EventRounds "9"]
[EventCountry "SVK"]
[SourceTitle "CBM 147 Extra"]
[Source "ChessBase"]
[SourceDate "2012.04.24"]
[SourceVersion "1"]
[SourceVersionDate "2012.04.24"]
[SourceQuality "1"]

1. c4 e5 2. Nc3 Nf6 3. g3 d5 4. cxd5 Nxd5 5. Bg2 Be6 6. e3 Nxc3 7. bxc3 Bd5 8. e4 Bc4 9. Qa4+ b5 10. Qd1 c5 11. Bf1 Bxf1 12. Kxf1 c4 13. a4 Bc5 14. Ba3 Qb6 15. Bxc5 Qxc5 16. axb5 Qxb5 17. Qa4 Qxa4 18. Rxa4 Nd7 19. Rxc4 0-0 20. Ke2 a5 21. Ra4 Nc5 22. Rc4 a4 23. Rxc5 a3 24. Nf3 a2 25. Ra1 Rfb8 26. Rc4 1-0